[Event "BCF-chT2 0506 (4NCL)"]
[Site "Birmingham"]
[Date "2005.11.19"]
[Round "3.8"]
[White "Wilson, Julie Christine"]
[Black "Kikoyo, Ali"]
[Result "1-0"]
[WhiteElo "1945"]
[BlackElo "2065"]
[PlyCount "69"]
[EventDate "2005.10.22"]
[EventType "team"]
[EventRounds "11"]
[EventCountry "ENG"]
[SourceTitle "EXT 2007"]
[Source "ChessBase"]
[SourceDate "2006.11.23"]
[SourceVersion "1"]
[SourceVersionDate "2006.11.23"]
[SourceQuality "1"]
[WhiteTeam "SW Dragons"]
[BlackTeam "Wood Green III"]
[WhiteTeamCountry "ENG"]
[BlackTeamCountry "ENG"]

1. d4 e6 2. c4 Nf6 3. Nf3 d5 4. Nc3 c5 5. e3 Nc6 6. cxd5 exd5 7. h3 cxd4 8. Nxd4 a6 9. Nxc6 bxc6 10. Be2 Bd6 11. 0-0 0-0 12. b3 Be5 13. Bb2 Re8 14. Qd3 g6 15. Rad1 Bf5 16. Qd2 Qe7 17. Rfe1 h5 18. f4 Bd6 19. Na4 c5 20. Bf3 Ne4 21. Qxd5 Rad8 22. Qc4 Kh7 23. Nb6 Qf8 24. Nd5 Ng3 25. Nf6+ Kh6 26. Nxe8 Rxe8 27. Qxa6 Bc7 28. Qf6 Ne4 29. Bxe4 Bxe4 30. Rd7 Bd8 31. Qxf7 Qxf7 32. Rxf7 h4 33. Rd1 Bf5 34. Bf6 Bxf6 35. Rxf6 1-0

[Event "BCF-chT3 0304 (4NCL)"]
[Site "West Bromwich"]
[Date "2004.05.29"]
[Round "7.8"]
[White "Wilson, Julie Christine"]
[Black "Kikoyo, Ali"]
[Result "1/2-1/2"]
[WhiteElo "1720"]
[BlackElo "1768"]
[PlyCount "65"]
[EventDate "2003.11.23"]
[EventType "team"]
[EventRounds "11"]
[EventCountry "ENG"]
[SourceTitle "EXT 2005"]
[Source "ChessBase"]
[SourceDate "2004.11.15"]
[SourceVersion "1"]
[SourceVersionDate "2004.11.15"]
[SourceQuality "1"]
[WhiteTeam "SW Dragons II"]
[BlackTeam "Wood Green III"]
[WhiteTeamCountry "ENG"]
[BlackTeamCountry "ENG"]

1. d4 d5 2. c4 dxc4 3. Nf3 Nd7 4. Nc3 Nb6 5. e4 c6 6. Be3 Bg4 7. h3 Bxf3 8. Qxf3 Nf6 9. Be2 e6 10. 0-0 Be7 11. Qg3 0-0 12. e5 Ne8 13. Ne4 Rb8 14. Rab1 f5 15. Nc5 Nc7 16. Bh6 g6 17. Bxf8 Qxf8 18. Rfc1 Bxc5 19. dxc5 Qxc5 20. Rc2 Nb5 21. b4 Qe7 22. Bxc4 Nd4 23. Rd2 Nf3+ 24. Qxf3 Nxc4 25. Re2 Rd8 26. Qc3 b5 27. a3 Rd5 28. Ree1 Qd8 29. Rbc1 Rd3 30. Qa1 Kf7 31. Rcd1 Nd2 32. Qc1 Qd5 33. Qc2 1/2-1/2

[Event "BCF-chT3 0304 (4NCL)"]
[Site "West Bromwich"]
[Date "2003.11.23"]
[Round "2.8"]
[White "Atkins, Emma"]
[Black "Kikoyo, Ali"]
[Result "0-1"]
[WhiteElo "1360"]
[BlackElo "1768"]
[PlyCount "80"]
[EventDate "2003.11.23"]
[EventType "team"]
[EventRounds "11"]
[EventCountry "ENG"]
[SourceTitle "EXT 2005"]
[Source "ChessBase"]
[SourceDate "2004.11.15"]
[SourceVersion "1"]
[SourceVersionDate "2004.11.15"]
[SourceQuality "1"]
[WhiteTeam "South County Stars"]
[BlackTeam "Wood Green III"]
[WhiteTeamCountry "ENG"]
[BlackTeamCountry "ENG"]

1. e4 c5 2. Nf3 d6 3. Nc3 e6 4. d3 Nc6 5. Be2 a6 6. a3 Nf6 7. Bg5 Be7 8. Qd2 Qc7 9. Rb1 Nd4 10. Nxd4 cxd4 11. Na2 h6 12. Bxf6 Bxf6 13. Bd1 e5 14. 0-0 Be6 15. Nc1 Rc8 16. Ne2 0-0 17. b4 b5 18. f4 Bg4 19. Nxd4 Bxd1 20. Rbxd1 exd4 21. Rc1 Qc3 22. Qxc3 Rxc3 23. Rf3 Rxa3 24. Rh3 Rc8 25. Rh5 Rc6 26. Rd5 Ra4 27. Rb1 Kf8 28. Rb2 Ke7 29. g3 Rc3 30. h4 Rca3 31. e5 dxe5 32. fxe5 Ke6 33. Rxd4 Bxe5 34. Re4 Kd5 35. Rb1 Ra1 36. Rxa1 Rxa1+ 37. Kf2 Ra2 38. Re2 Rb2 39. Kf3 Rxb4 40. Re1 a5 0-1

[Event "BCF-chT4 0203 (4NCL)"]
[Site "Telford"]
[Date "2002.11.10"]
[Round "2.4"]
[White "Kikoyo, Ali"]
[Black "Calvert, David Ian"]
[Result "0-1"]
[WhiteElo "1864"]
[BlackElo "2040"]
[PlyCount "96"]
[EventDate "2002.11.??"]
[EventType "team"]
[EventRounds "7"]
[EventCountry "ENG"]
[SourceTitle "EXT 2004"]
[Source "ChessBase"]
[SourceDate "2003.11.25"]
[SourceVersion "1"]
[SourceVersionDate "2003.11.25"]
[SourceQuality "1"]
[WhiteTeam "Wood Green III"]
[BlackTeam "Metropolitan"]
[WhiteTeamCountry "ENG"]
[BlackTeamCountry "ENG"]

1. e4 d5 2. exd5 Nf6 3. d4 Nxd5 4. c4 Nb6 5. Nc3 e5 6. dxe5 Qxd1+ 7. Nxd1 Nc6 8. f4 Be6 9. b3 Bb4+ 10. Kf2 f6 11. exf6 gxf6 12. Nf3 0-0-0 13. Be3 Bg4 14. Be2 Bxf3 15. Bxf3 Nd4 16. Be4 Kb8 17. a3 Nxb3 18. Ra2 Bc5 19. Rb2 Nd2 20. Bf3 Ndxc4 21. Bxc5 Nxb2 22. Nxb2 Rd2+ 23. Kg3 Rxb2 24. Re1 Rd2 25. Rb1 Nd5 26. Kh4 b6 27. f5 Rg8 28. h3 Kc8 29. Bg1 Nf4 30. g4 Rd3 31. Rf1 Rxa3 32. Bh2 Nd3 33. Bd5 Rg7 34. Rf3 Kd8 35. Kh5 Ra5 36. Rxd3 Rd7 37. Bc4 Rxd3 38. Bxd3 Ra3 39. h4 Rxd3 40. Bf4 Rh3 41. g5 fxg5 42. Bxg5+ Ke8 43. Kh6 Kf7 44. Kxh7 a5 45. Kh6 a4 46. Kh5 a3 47. Bf6 a2 48. Bb2 Rh1 0-1

[Event "BCF-chT4 0203 (4NCL)"]
[Site "Telford"]
[Date "2002.11.09"]
[Round "1.4"]
[White "Jeffries, Majid"]
[Black "Kikoyo, Ali"]
[Result "0-1"]
[WhiteElo "2018"]
[BlackElo "1864"]
[PlyCount "130"]
[EventDate "2002.11.??"]
[EventType "team"]
[EventRounds "7"]
[EventCountry "ENG"]
[SourceTitle "EXT 2004"]
[Source "ChessBase"]
[SourceDate "2003.11.25"]
[SourceVersion "1"]
[SourceVersionDate "2003.11.25"]
[SourceQuality "1"]
[WhiteTeam "Slough III"]
[BlackTeam "Wood Green III"]
[WhiteTeamCountry "ENG"]
[BlackTeamCountry "ENG"]

1. d4 d5 2. Nf3 Nf6 3. c4 c5 4. dxc5 Qa5+ 5. Bd2 Qxc5 6. cxd5 Nxd5 7. e4 Nf6 8. Nc3 Nc6 9. a3 Bg4 10. Be3 Qa5 11. b4 Bxf3 12. gxf3 Qe5 13. Rc1 e6 14. Qa4 Be7 15. b5 Nd8 16. f4 Qh5 17. Be2 Qh3 18. Rg1 0-0 19. e5 Nd7 20. Ne4 Nb6 21. Bxb6 Qxh2 22. Rg3 axb6 23. Qxa8 Qh1+ 24. Kd2 Qxe4 25. Rc4 Qb1 26. Qa4 Bc5 27. Rc1 Qa2+ 28. Rc2 Qd5+ 29. Ke1 Qh1+ 30. Bf1 f6 31. Rh3 Qg1 32. Qe4 g6 33. Rh1 Qg4 34. Bh3 f5 35. Qc4 Qh4 36. Rd2 Re8 37. Bg2 Qe7 38. Rd3 Nf7 39. Ke2 Bxa3 40. Ra1 Bc5 41. Ra7 Qh4 42. Rg3 Nxe5 43. Qa4 Nf7 44. Kf1 Nd6 45. Ra8 Rxa8 46. Qxa8+ Kf7 47. Bxb7 Qxf4 48. Rf3 Qc1+ 49. Kg2 Nxb5 50. Rd3 Qg5+ 51. Kf1 Nd6 52. Bc6 Qf4 53. Rf3 Qc4+ 54. Kg2 g5 55. Qh8 Qh4 56. Qd8 Qh6 57. Rh3 Qg7 58. Qd7+ Kf6 59. Qd8+ Ke5 60. Rh1 f4 61. Re1+ Kf5 62. Bd7 f3+ 63. Kg1 Kf4 64. Bxe6 Bxf2+ 65. Kxf2 Qb2+ 0-1

[Event "BCF-chT3d 0001 (4NCL) Demotion pool"]
[Site "Birmingham"]
[Date "2001.05.07"]
[Round "11.6"]
[White "Partington, Anna G"]
[Black "Kikoyo, Ali"]
[Result "0-1"]
[WhiteElo "1712"]
[BlackElo "1952"]
[PlyCount "56"]
[EventDate "2000.11.26"]
[EventType "team-tourn"]
[EventRounds "4"]
[EventCountry "ENG"]
[SourceTitle "EXT 2002"]
[Source "ChessBase"]
[SourceDate "2001.11.25"]
[SourceVersion "1"]
[SourceVersionDate "2001.11.25"]
[SourceQuality "1"]
[WhiteTeam "Southern Counties Stars"]
[BlackTeam "Wood Green III"]
[WhiteTeamCountry "ENG"]
[BlackTeamCountry "ENG"]

1. d4 d5 2. Nf3 a6 3. e3 Nf6 4. b3 g6 5. Bb2 Bg7 6. Nbd2 0-0 7. Bd3 b6 8. 0-0 Bb7 9. Ne5 c5 10. f4 Nc6 11. Qe1 Nb4 12. Qh4 Ne4 13. Ndf3 Nd6 14. dxc5 Nxd3 15. cxd6 Bf6 16. Ng5 Bxg5 17. Qxg5 f6 18. dxe7 Qxe7 19. Qh4 Nxb2 20. Rab1 g5 21. fxg5 fxe5 22. Rf6 Rxf6 23. gxf6 Qf7 24. Rf1 Kh8 25. Rf5 Rf8 26. Qb4 Nd1 27. Qxb6 d4 28. exd4 Qd5 0-1

[Event "BCF-chT3a 0001 (4NCL)"]
[Site "Birmingham"]
[Date "2001.01.28"]
[Round "6.3"]
[White "Shepley, Julien M"]
[Black "Kikoyo, Ali"]
[Result "1-0"]
[WhiteElo "2126"]
[BlackElo "1952"]
[PlyCount "103"]
[EventDate "2000.11.26"]
[EventType "team-tourn"]
[EventRounds "7"]
[EventCountry "ENG"]
[SourceTitle "EXT 2002"]
[Source "ChessBase"]
[SourceDate "2001.11.25"]
[SourceVersion "1"]
[SourceVersionDate "2001.11.25"]
[SourceQuality "1"]
[WhiteTeam "Guildford III"]
[BlackTeam "Wood Green III"]
[WhiteTeamCountry "ENG"]
[BlackTeamCountry "ENG"]

1. Nc3 c5 2. e4 d6 3. Nge2 a6 4. a4 e6 5. g3 Nf6 6. Bg2 Be7 7. d4 cxd4 8. Nxd4 Qc7 9. Be3 Bd7 10. 0-0 Nc6 11. Nb3 Ne5 12. f4 Nc4 13. Bc1 Rc8 14. Re1 h5 15. h3 0-0 16. a5 Rfe8 17. Kh2 Bc6 18. Bf1 Bd7 19. e5 dxe5 20. fxe5 Nxe5 21. Rxe5 Qxe5 22. Bf4 Qf5 23. Bd3 Bc6 24. Bxf5 exf5 25. Nd4 Bd7 26. Qf3 Bc5 27. Rd1 Ne4 28. Nxe4 Rxe4 29. Nb3 Bb5 30. Rd5 Re2+ 31. Qxe2 Bxe2 32. Rxc5 Rd8 33. Rxf5 f6 34. Be3 Re8 35. Bd4 Re4 36. c3 Bd1 37. Nc5 Re2+ 38. Rf2 Re7 39. Kg2 Be2 40. Nxb7 Bc4 41. Nd6 Bd5+ 42. Kf1 Rd7 43. Bc5 Be6 44. Rh2 g6 45. b4 Kg7 46. c4 g5 47. b5 axb5 48. cxb5 Rc7 49. Rc2 Bxh3+ 50. Kf2 Kg6 51. b6 Rd7 52. b7 1-0